000
00338 a2200157 4500
001
167819
020
_a
040
_c
Magnum
100
_a
Candido, Suzana Laino
240
1
0
_a
Travessuras de triangulo
_l
por
245
1
0
_a
Travessuras de triangulo
362
0
_a
1899
440
1
_a
Moderna
697
_a
IJ/PARADIDATICO
942
_c
BK
999
_c
167819
_d
167819